[Event "Mittelrhein Verbandsliga-O 15/16"]
[Site "Nordrheinwestfalen"]
[Date "2015.12.13"]
[Round "5"]
[White "Di Franco, Patricio"]
[Black "Evers, Leo"]
[Result "1/2-1/2"]
[WhiteElo "2057"]
[BlackElo "1974"]
[PlyCount "41"]
[EventDate "2015.09.06"]
[EventType "team-tourn"]
[EventRounds "11"]
[EventCountry "GER"]
[SourceTitle "EXT 2022"]
[Source "ChessBase"]
[SourceDate "2021.10.06"]
[SourceVersion "1"]
[SourceVersionDate "2021.10.06"]
[SourceQuality "1"]
[WhiteTeam "Koeln Lasker II"]
[BlackTeam "Porz SG IV"]
[WhiteTeamCountry "GER"]
[BlackTeamCountry "GER"]

1. d4 Nf6 2. Nf3 c5 3. d5 b5 4. Bg5 Ne4 5. Bf4 d6 6. a4 b4 7. Nbd2 Nf6 8. e4 g6 9. Bb5+ Bd7 10. 0-0 Bg7 11. Nc4 Bxb5 12. axb5 0-0 13. b6 a5 14. Re1 Nfd7 15. b7 Ra7 16. e5 dxe5 17. Nfxe5 Nxe5 18. Nxe5 Bxe5 19. Bxe5 Rxb7 20. Qf3 Rd7 21. d6 1/2-1/2

[Event "Mittelrhein Verbandsliga-O 15/16"]
[Site "Nordrheinwestfalen"]
[Date "2015.09.06"]
[Round "1"]
[White "Di Franco, Patricio"]
[Black "Simons, Peter"]
[Result "1-0"]
[WhiteElo "2057"]
[BlackElo "2080"]
[PlyCount "61"]
[EventDate "2015.09.06"]
[EventType "team-tourn"]
[EventRounds "11"]
[EventCountry "GER"]
[SourceTitle "EXT 2022"]
[Source "ChessBase"]
[SourceDate "2021.10.06"]
[SourceVersion "1"]
[SourceVersionDate "2021.10.06"]
[SourceQuality "1"]
[WhiteTeam "Koeln Lasker II"]
[BlackTeam "Rheinbacher SF"]
[WhiteTeamCountry "GER"]
[BlackTeamCountry "GER"]

1. d4 Nf6 2. c4 c5 3. d5 b5 4. cxb5 a6 5. bxa6 g6 6. Nc3 Bxa6 7. e4 Bxf1 8. Kxf1 d6 9. g3 Bg7 10. Kg2 Nbd7 11. Nf3 Qa5 12. a4 0-0 13. Bd2 Qb4 14. Qe2 Rfb8 15. Rhb1 Rb7 16. b3 h6 17. h3 Re8 18. a5 Rbb8 19. Ra4 Qb7 20. a6 Qa8 21. Nb5 Rec8 22. a7 Rb7 23. Bc3 c4 24. Bxf6 Rxb5 25. Bxg7 Kxg7 26. Rxc4 Rxc4 27. Qxc4 Rb7 28. Ra1 f6 29. Qc6 Nb6 30. Ra6 Rxa7 31. Rxb6 1-0

[Event "Rhein Main op-A 18th"]
[Site "Bad Homburg"]
[Date "2015.06.06"]
[Round "6"]
[White "Di Franco, Patricio"]
[Black "Egenolf, Dirk"]
[Result "1/2-1/2"]
[WhiteElo "2116"]
[BlackElo "1959"]
[PlyCount "37"]
[EventDate "2015.06.03"]
[EventType "swiss"]
[EventRounds "7"]
[EventCountry "GER"]
[SourceTitle "CBM 167 Extra"]
[Source "ChessBase"]
[SourceDate "2015.09.14"]
[SourceVersion "1"]
[SourceVersionDate "2015.09.14"]
[SourceQuality "1"]

1. d4 Nf6 2. c4 g6 3. Nc3 Bg7 4. e4 d6 5. f4 0-0 6. Nf3 c5 7. d5 e6 8. Be2 exd5 9. cxd5 Re8 10. e5 dxe5 11. fxe5 Ng4 12. e6 fxe6 13. d6 Ne5 14. Ne4 Nxf3+ 15. Bxf3 Bd4 16. Bg5 Qa5+ 17. Bd2 Qb6 18. b4 Na6 19. Rb1 1/2-1/2

[Event "Rhein Main op-A 18th"]
[Site "Bad Homburg"]
[Date "2015.06.03"]
[Round "1"]
[White "Bogucanin, Mirsad"]
[Black "Di Franco, Patricio"]
[Result "0-1"]
[WhiteElo "1907"]
[BlackElo "2116"]
[PlyCount "46"]
[EventDate "2015.06.03"]
[EventType "swiss"]
[EventRounds "7"]
[EventCountry "GER"]
[SourceTitle "CBM 167 Extra"]
[Source "ChessBase"]
[SourceDate "2015.09.14"]
[SourceVersion "1"]
[SourceVersionDate "2015.09.14"]
[SourceQuality "1"]

1. d4 c5 2. Nf3 cxd4 3. Nxd4 d5 4. e3 e5 5. Bb5+ Bd7 6. Bxd7+ Qxd7 7. Nf3 Nc6 8. 0-0 Nf6 9. b3 Bd6 10. Ba3 0-0 11. Bxd6 Qxd6 12. c4 Rfd8 13. Nbd2 e4 14. Nh4 Qe5 15. f4 Qc3 16. Qe1 d4 17. Nf5 dxe3 18. Qg3 Nh5 19. Qh3 Rxd2 20. Qxh5 e2 21. Rfe1 Rad8 22. Qg4 Qxa1 23. Rxa1 Rd1+ 0-1